00934nam a2200217 a 4500001001000000003000500010005001700015008004100032010001100073011001100084020001900095040000900114110010000123245021600223260012800439300002700567650003800594650002300632650003300655650002800688000111416CHAP20220329144210.0150409s2014 mx a |ss |||||||spa d a107878 a108850 a9786071203618  cCHAP1 aUACH. División de Ciencias Forestales. Departamento de Estadística Matemática y Cómputo00aInforme estadístico sobre desarrollo Humano en México :h[Disco compacto]b1995-2010. Resumen ejecutivo /cpor UACH. División de Ciencias Forestales. Departamento de Estadística Matemática y Cómputo. aChapingo, Méx. :bUACH. División de Ciencias Forestales. Departamento de Estadística Matemática y Cómputo,c2014. a1 CD ROM ;c4 3/4 plg.14aDesarrollo económicozMéxico.14aDesarrollo humano.14aDesarrollo socialzMéxico.14aProducto interno bruto.